01531nam a2200265 i 4500003000900000005001700009007000300026008004100029040003000070082001300100100007600113245004000189250001800229264005300247300002700300336002700327337003400354338002800388500062700416590002701043910001401070942001401084952015001098999001701248DO-SdBNP20231116082410.0ta110413s197- ck a 000 j spa d aDO-SdBNPbspacBNPHUerda bA9262221 aAun Weor, Samueld1917-1977qVíctor Manuel Gómez Rodríguez98464510aVoluntad cristo /cSamael Aun Weor  a4a. edición 1a[Colombia] :b[editor no identificado],c[197-]. a149 páginas c16 cm. 2rdacontentatextobtxt 2rdamediaasin mediación bn 2rdacarrieravolumenbnc aVíctor Manuel Gómez Rodríguez (Bogotá, 6 de marzo de 1917 - Ciudad de México​ 24 de diciembre de 1977), conocido como Aun Weor (desde 1947) y como Samael Aun Weor (desde 1954), fue un esoterista, escritor y conferencista colombiano, fundador del movimiento gnóstico moderno, que algunos autores denominan neognosticismo, haciendo referencia a la época en la que diseminó su enseñanza. Tras su muerte surgieron otras organizaciones que se denominan «gnósticas» ―como derivaciones del movimiento inicial que el V.M Samael Aun Weor fundó en América Latina, España y otras partes del mundo.​ aInventariado, 2023/ YL aYLockward 2ddccLBS1 00102ddc56708DSaBNPHUbBNPHUcCTd2021-12-16eColegio Nuestra Señora de Lourdesl0oBNPHU GR A926p2023-7841r2023-11-16w2023-11-16yLBS1 c55510d55510